Дело о сложении и рассрочке недоимок выкупных платежей по всемилостивейшему манифесту 15 мая 1883 года по Области Войска Донског...

Доступно только в Электронных читальных залах Найти на картеНа карте
RUSMARC
00003516nmc2a2200000 x 450
00171a58d6f-a0b8-43ab-8e6b-7b7afd661641
00520160105081759.0
100##$a20150226l18831884k l0rusy0189 ca
1010#$arus
102##$aRU
2001#$aДело о сложении и рассрочке недоимок выкупных платежей по всемилостивейшему манифесту 15 мая 1883 года по Области Войска Донского
$j9 декабря 1883 г. - 19 апреля 1884 г.
251##$cДело
300##$aДело
801#0$aRU
$bРГИА
$c20150226
$gRCR
801#1$aRU
$bГлавНИВЦ
$c20150226
$2rusmarc
801#2$aRU
$bПБ им. Б.Н. Ельцина
$c20160105
$gRCR
$2rusmarc
850##$aРГИА
852##$aРГИА
$eФедеральное казенное учреждение "Российский государственный исторический архив" (РГИА)
$j897
937##$hРГИА
$d11190669
$aASBIBLIO_SCAN
462#0$10013826a62a-52d3-408e-b545-2019664385f0
$12001
$a1861-1895 гг.
$1251
$cОпись
$1852
$j50
461#0$10018ef30ad5-ff5c-4840-a721-74c62a200f95
$12001
$aГлавное выкупное учреждение Министерства финансов
$1251
$cФонд
$1852
$j577
215##$a91 л.
$d36,5x26 см
371##$aДокумент не является опубликованным и широко распространяемым
105##$ay###
1222#$ad
035##$a71a58d6f-a0b8-43ab-8e6b-7b7afd661641
Формат отображения